| 000 | 00528nam a22001817a 4500 | ||
|---|---|---|---|
| 003 | OSt | ||
| 008 | 200713b ||||| |||| 00| 0 eng d | ||
| 020 | _a9788185731643 | ||
| 100 | _aSubrahmanyam, CVS | ||
| 245 | _aPharmaceutical Engineering: Unit Operations | ||
| 250 | _a3rd | ||
| 260 |
_aN Delhi _bVallabh Prakashan _c2019 |
||
| 300 | _a576 | ||
| 650 | _aPharmaceutics- Drug Delivery Systems,Pharmaceutical Engineering regularity Science | ||
| 700 | _a Thimma, Setty. J | ||
| 700 | _aSarasija, Suresh. | ||
| 942 |
_2ddc _cBK |
||
| 999 |
_c8859 _d8859 |
||